000 00502nam a2200169 i 4500
001 33173
003 ES-MaACL
005 20230906154717.0
007 t|
008 030201s1968 sp ||||1| spa d
100 1 _aBereday, George F.
_927871
245 1 3 _aEl método comparativo en pedagogía /
_cGeorge F. Bereday ; [versión de Ismael Antich].
260 _aBarcelona :
_bHerder,
_c1968.
300 _a374 p. ;
_c22 cm.
700 1 _aAntich, Ismael.
_921892
852 _aES-MaACL
_jC-34613
_bR.67068
999 _c33173
_d33173